| 000 | 02984cam a22004694i 4500 | ||
|---|---|---|---|
| 003 | PE-LiUPU | ||
| 005 | 20250731165424.0 | ||
| 008 | 160127s2015 pe a grm 000 0 spa d | ||
| 035 | _a(Sirsi) a155835 | ||
| 040 |
_aPE-LiUPU _bspa _cPE-LiUPU _erda |
||
| 082 | 0 | 4 |
_a254.5 _bG63 T3 |
| 099 |
_aTT 3 _bG63 2015 |
||
| 100 | 1 |
_aGodeau Díaz, Dante _eautor |
|
| 245 | 1 |
_aPrincipios de iglecrecimiento según Hechos 2:41-47 / _cDante Goceau Díaz. |
|
| 264 | 0 | _c2015. | |
| 300 |
_a146 hojas _c28.5 cm |
||
| 336 |
_atext _2rdacontent |
||
| 337 |
_aunmediated _2rdamedia |
||
| 338 |
_avolume _2rdacarrier |
||
| 502 |
_aTesis _b(Mg.) -- _cUniversidad Peruana Unión, _d2015. |
||
| 504 | _aIncluye bibliografía | ||
| 520 | 3 | _aEl estudio responde al método histórico-gramático. Es de naturaleza bíblico-teológica y corresponde al género histórico del NT, para abordar la investigación sobre la base de una correcta interpretación del texto bíblico, se realizó un estudio exegético de Hechos 2:41-47. Primero, se considera el texto bíblico para fijar los límites del texto, se analiza las variantes textuales. Se realiza un estudio comparativo de las versiones bíblicas en español y luego se hace una reducción personal. También se realiza un análisis morfo-sintáctico, se analiza algunas palabras claves, luego se realiza un estudio intertextual. Se analiza el significado original del texto y se presenta la aplicación teológica del pasaje bíblico. Segundo, se analiza el crecimiento de las principales iglesias cristianas durante el siglo I d.C. en Jerusalén, Antioquía, Europa y Roma, de acuerdo con su contexto y con la información que la Biblia proporciona mediante los escritos de Pedro, Pablo y otros. Tercero, se analiza la importancia de los principios de crecimiento de iglesia, extraídos de la Biblia con las tendencias clásicas y modernas del estudio de la misión. Por último, se busca extraer las conclusiones correspondientes brindando además las sugerencias que se desprenden del estudio para futuros alcances. Resumiendo los principios en ocho: 1) Disposición para la predicación, 2) Perseverancia en el estudio de la Biblia, 3) Constancia en la oración, 4) Unidad en la comunión, 5) Esperar maravillas y milagros, 6) Aliviar las necesidades de otros, 7) Permanencia en la asistencia al templo y 8) Gozo en la alabanza y adoración. | |
| 526 | _aSEG44 | ||
| 526 | _aSEG26 | ||
| 526 | _aP151 | ||
| 526 | _aP150 | ||
| 526 | _aP149 | ||
| 526 | _aP146 | ||
| 526 | _aP145 | ||
| 526 | _aP126 | ||
| 526 | _aP125 | ||
| 526 | _aP92 | ||
| 526 | _aP75 | ||
| 526 | _aP74 | ||
| 526 | _aP27 | ||
| 526 | _aP15 | ||
| 650 | 0 | 4 |
_aCrecimiento de iglesia _vTesis. |
| 650 | 0 | 4 |
_aBiblia _pN.T. _pHechos 2 _xComentarios _vTesis. |
| 596 | _a1 | ||
| 942 |
_2ddc _cTESIS |
||
| 999 |
_aTT 3 G63 2015 _wALPHANUM _c8512 _iT01870 _lCCODEBUL3 _mBUL _r1 _sY _tTESIS _u2016-1-27 _xPOSGRADO _PP85 _o.STAFF. Tesis _d8512 |
||
| 980 |
_81 _gALBERTO SANCHEZ Responsable de Automatización |
||